Регионална библиотека "Любен Каравелов" - Русе

[Сто] 100 самолета от хартия (Запис номер 131305)

MARC детайли
000 -Лидер
Контролно поле с фиксирана дължина 01539nam a2200409 c 4500
003 - Код на организацията, давaща контролен номер
Контролно поле BLK
005 - Дата и час на последна редакция
Контролно поле 20180420232403.0
008 - Елементи от данни с фиксирана дължина
fixed length control field 180409b bul|||||r ||||||| ||bul||
010 ## - Наследен системен номер
LC control number KNG00137117000
040 ## - Източник на каталожния запис
Идентификатор на билиотеката - собственик на записа BLK
041 ## - Код за език
Код за езика на текст/звукозапис или на отделно заглавие Български
Код за езика КДБФ Български
072 #7 - Код за тематичната категория
Код организация bullib
Код за тематична категория Н86
Текст Детска отраслова литература Н
080 ## - УДК
Текстов определител УДК Авиомоделизъм
УДК код - определител по УДК 629.73.001.57
УДК определител :087.5
УДК - код + определител 629.73.001.57:087.5
080 ## - УДК
Текстов определител УДК Декоративна хартия. Тапети
УДК код - определител по УДК 745.54
УДК определител :087.5
УДК - код + определител 745.54:087.5
139 ## - Редно поле
Редна дума [Сто] 100 самолета от хартия
Авторски знак Сто - С 77
245 10 - Сведения за заглавието
Заглавие [Сто] 100 самолета от хартия
Редно поле (дума) худож. Анди Тюдор.
257 ## - Страна на издаване
Страна на създаване/издаване Великобритания
260 ## - Област на издателските данни
-- София
Име на издателя, разпространителя и проч. Фют
Година на издаване 2012
300 ## - Физическа характеристика
Страници 100 л.
Илюстрации и др. цв. ил.
Размери/Мащаб 20Х16 см
Съпровождащи материали 1 брош. : 4 л.
380 ## - Жанр
Жанр Детска худож. лит.
500 ## - Общи забележки
Забележка Ориг. загл. 100 Paper Planes to Fly. - 100 отд. л. в папка.
650 #4 - Допълнително описание по предмет – тема
Основно описание – тема или топоним Авиомоделизъм
9 (RLIN) 146223
650 #4 - Допълнително описание по предмет – тема
Основно описание – тема или топоним Хартия - приложно и декоративно изкуство
9 (RLIN) 322660
650 #4 - Допълнително описание по предмет – тема
Основно описание – тема или топоним Оригами
9 (RLIN) 165177
653 ## - Ключова дума – ненормативна
Ключова дума авиомоделизъм
653 ## - Ключова дума – ненормативна
Ключова дума самолети
653 ## - Ключова дума – ненормативна
Ключова дума оригами
653 ## - Ключова дума – ненормативна
Ключова дума литература за деца
653 ## - Ключова дума – ненормативна
Ключова дума детска литература
659 ## - Тематичен бюлетин
Тематичен бюлетин Н
700 1# - Други автори (авторска отговорност)
Лично име Тюдор, Анди
Автороска отговорност (Описва отношението между автора и произведението) худож.
9 (RLIN) 322659
852 ## - Местоположение
Форматна сигнатура Цб 257381
856 4# - Електронен адрес и достъп
Електронен формат pdf - файл
Път до файла /url/
856 4# - Електронен адрес и достъп
Електронен формат pdf - файл
Път до файла /url/
942 ## - АРТИКУЛИ
Вид на библиотечния материал Книги
Скрит в OPAC Не
944 ## - СЪЗДАВАНЕ И РЕДАКЦИЯ на ЗАПИСА
Създаване/Редакция Създаване
Дата на регистрацията/редакция 11.12.2012
Статус, дата на статуса ф /
Служител, извършил регистрацията/редакцията Людмила_Стоянова
944 ## - СЪЗДАВАНЕ И РЕДАКЦИЯ на ЗАПИСА
Създаване/Редакция Редакция
Дата на регистрацията/редакция 10.09.2013
Статус, дата на статуса ф /
Служител, извършил регистрацията/редакцията
999 ## - СИСТЕМНИ КОНТРОЛНИ НОМЕРА
Koha biblionumber 131305
Koha biblioitemnumber 131305
Наличности
Код за отписване Код за изгубен артикул Код за повреда Коз за рестрикции Код за отдаване Артикулен № Име на библиотеката - собственик Име на библиотеката, в която се намира в момента Статус (Текущо местоположение) Дата на вписване в системата Местоположение - отдел Цена в лева Инвентарен номер Систематично азбучна сигнатура Баркод Номер на екземпляра Цена в евро Служебна бележка Служебен тип на артикула
  Не е изгубен Не е повреден без рестрикции заемане за дома 214112 Регионална библиотека "Любен Каравелов" Русе Регионална библиотека "Любен Каравелов" Русе Детски отдел 2012-12-05 Детски отдел 5.25 120000762085 ДН 629.7/С 77 120000762085 1 2.68 Дост: Pk Вид: Ф N: 15776 Дата: 05.12.2012 Дата инв: 25.08.2015 Бележки инв: Д2015 Книги
  Не е изгубен Не е повреден без рестрикции заемане за дома 214113 Регионална библиотека "Любен Каравелов" Русе Регионална библиотека "Любен Каравелов" Русе Детски отдел 2012-12-14 Детски отдел 6.26 120000762300 ДН 629.7/С 77 120000762300 2 3.20 Дост: Pk Вид: Ф N: 334 Дата: 10.12.2012 Дата инв: 25.08.2015 Бележки инв: Д2015 Книги
Vip Innovations Ltd, Rousse, Bulgaria 2025